| 000 | 01168nam a22003617a 4500 | ||
|---|---|---|---|
| 003 | CHAP | ||
| 005 | 20220817042449.0 | ||
| 008 | 971013s1953 r 00010 d | ||
| 010 | _a45532 | ||
| 011 | _a46504 | ||
| 035 | _a50645 | ||
| 040 | _cCHAP | ||
| 082 |
_a634.928 _bF32 |
||
| 110 | _aFAO | ||
| 245 | _aPolítica, legislación y administración forestales | ||
| 260 |
_aRoma : _bFAO, _c1953 |
||
| 300 | _a212 p. | ||
| 490 |
_aFAO. Estudios de silvicultura y productos forestales _v; 2 |
||
| 590 |
_aBATCH-UPD _b10 _c20130110 _lUCH01 _h0217 |
||
| 590 |
_aBATCH-UPD _b10 _c20130110 _lUCH01 _h0901 |
||
| 590 |
_aBATCH-UPD _b10 _c20130409 _lUCH01 _h2236 |
||
| 590 |
_aBATCH-UPD _b10 _c20130410 _lUCH01 _h1229 |
||
| 590 |
_aBATCH-UPD _b10 _c20130914 _lUCH01 _h0702 |
||
| 590 |
_aCONVERSION _b10 _c20130109 _lUCH01 _h1325 |
||
| 650 | 1 | 4 |
_aBosques _xAdministración. _914003 |
| 650 | 1 | 4 |
_aBosques _xLeyes. _914322 |
| 650 | 1 | 4 |
_aPolítica forestal. _990563 |
| 700 | 0 |
_aFrancois, T. _943005 |
|
| 830 | 0 |
_aFAO. Estudios de silvicultura y productos forestales _v; 2 _939550 |
|
| 901 | _aBK | ||
| 942 | _cLIBRO | ||
| 949 |
_a634.928 F32 _bBC _cFAO _d-113741 _eFAO1 _h17040 _i50645 _si |
||
| 999 |
_c45532 _d45532 |
||